| 000 | 00000nam 2200000zi 4500 |
| 001 | 9.927542 |
| 003 | CaOODSP |
| 005 | 20240129153846 |
| 006 | m o d f |
| 007 | cr ||||||||||| |
| 008 | 230919e202310 onc ob f000 0 fre d |
| 020 | |a9780660680118 |
| 040 | |aCaOODSP|bfre|erda|cCaOODSP |
| 043 | |an-cn--- |
| 086 | 1 |aH139-54/23-2023F-PDF |
| 245 | 00|aFin de l'homologation des pesticides contenant du (s)-kinoprène. |
| 264 | 1|a[Ottawa] : |bSanté Canada = Health Canada, |coctobre 2023. |
| 300 | |a1 ressource en ligne (1 page) |
| 336 | |atexte|btxt|2rdacontent/fre |
| 337 | |ainformatique|bc|2rdamedia/fre |
| 338 | |aressource en ligne|bcr|2rdacarrier/fre |
| 500 | |aPublié aussi en anglais sous le titre : End of the registration of (s)-kinoprene pesticides. |
| 500 | |a« PUB. : 230410. » |
| 504 | |aComprend des références bibliographiques. |
| 650 | 6|aInsecticides|xPolitique gouvernementale|zCanada. |
| 650 | 6|aInsecticides|xÉtiquetage|zCanada. |
| 710 | 1 |aCanada. |bSanté Canada, |eorganisme de publication. |
| 775 | 08|tEnd of the registration of (s)-kinoprene pesticides.|w(CaOODSP)9.927541 |
| 856 | 40|qPDF|s259 Ko|uhttps://publications.gc.ca/collections/collection_2024/sc-hc/H139-54-23-2023-fra.pdf |
| 856 | 4 |qHTML|sS.O.|uhttps://www.canada.ca/fr/sante-canada/services/publications/securite-produits/fin-homologation-pesticides-contenant-s-kinoprene.html |